000 01081cam a22003371 4500
999 _c534028
_d534028
001 2177256
003 Nust
005 20200128153014.0
008 681211s1968 nyu 000 1 eng
010 _a 68058411
020 _a9780099575511
038 _aMSOHAIL
040 _aDLC
_cDLC
_dDLC
_dOCoLC
_dDLC
041 1 _aeng
_hrus
043 _ae-ur---
050 0 0 _aPZ4.S69
_bCan
_aPG3488.O4
082 0 0 _a891.7344
_bSOL
100 1 _aSolzhenit︠s︡yn, Aleksandr Isaevich,
_d1918-2008.
_928139
240 1 0 _aRakovyĭ korpus.
_lEnglish
245 1 4 _aThe cancer ward
_c[by] Aleksandr I. Solzhenitsyn. Translated from the Russian by Rebecca Frank.
260 _aNew York,
_bDial Press,
_c1968.
300 _a569 p.
_c24 cm.
350 _a$8.50
500 _aTranslation of Rakovyĭ korpus (romanized form)
650 0 _aCancer
_xPatients
_vFiction.
_928140
651 0 _aSoviet Union
_vFiction.
_928141
655 7 _aPolitical fiction.
_2lcsh
_91074
655 7 _aMedical novels.
_2gsafd
_911124
906 _a7
_bcbc
_corignew
_du
_encip
_f19
_gy-gencatlg
942 _2ddc
_cBK